LEADER 01543nam a2200313 u 4500 001 000000115110 003 CaOOAMICUS 005 20090331181402.0 008 090331s2005 ilu u000 u eng r 020 $z978-0-8038-1479-4* 040 $aPUL$bita$dLDB 245 00$aProverbs, Ecclesiastes, Song of Solomon /$cedited by J. Robert Wright ; general editor Thomas C. Oden. 260 $aDowners Grove, Il. :$bInterVarsity Press,$cc2005. 300 $axxix 434 p. ;$c26 cm 490 1 $aAncient Christian commentary on Scripture.$aOld Testament ;$v09 500 $aComprende indice. 504 $aBibliografia : p. 411-419. 630 04$aBiblia.$pV.T.$pProverbia$xCommenti.$0(OLS)http://pul/subject/634 630 04$aBiblia.$pV.T.$pQohlet$xCommenti.$0(OLS)http://pul/subject/37775 630 04$aBiblia.$pV.T.$pCanticum canticorum$xCommenti.$0(OLS)http://pul/subject/6701 650 4$aPadri della Chiesa.$0(OLS)http://pul/subject/533 700 1 $aWright, John Robert,$d1936-$0(OLS)http://pul/name/67706 830 0$aAncient Christian commentary on Scripture.$pOld Testament ;$v09.$0(OLS)http://pul/title/76534 850 $aPUL 852 $aPUL$W1$xSL Religione 3$y85$m220. 705 COLL 3.9$j131805$qDDC 21$B130792$CPULBib$Z2$F130792 $H110045 $82 941 1 $a9 996 $6020$z978-0-8038-1479-4*$9(OLS)http://pul/number/140142 996 $6245$aProverbs, Ecclesiastes, Song of Solomon$9(OLS)http://pul/title/144659 996 $6260$aDowners Grove, Il. :$bInterVarsity Press$9(OLS)http://pul/publisher/64477 LEADER 01227nam a2200289 a 4500 001 000000134788 003 CaOOAMICUS 005 20130703110454.0 008 130703s1906 it u000 u ita r 040 $aPUL$bita 041 1 $aita$hfre 100 1 $aSorel, Georges,$d1847-1922.$0(OLS)http://pul/name/9880 245 13$aLo sciopero generale e la violenza /$cGiorgio Sorel ; con prefazione di Enrico Leone ; traduzione di Salvatore Piroddi. 260 $aRoma :$bTipografia industria e lavoro,$c1906. 300 $aX, 127 p. ;$c18 cm 490 1 $aBiblioteca del divenire sociale 650 4$aSciopero.$0(OLS)http://pul/subject/18209 700 1 $aLeone, Enrico.$0(OLS)http://pul/name/86840 700 1 $aPiroddi, Salvatore.$0(OLS)http://pul/name/86841 830 0$aBiblioteca del divenire sociale.$0(OLS)http://pul/title/170450 850 $aPUL 852 $aPUL$W1$xDP1 Fondo E. Rossi$y115$m1 S 109$j155028$qFondi$B154581$CPULBib$Z2$F154581 $82 941 1 $a1 961 $aSul dorso collocazione ms. di E. Rossi: S 40 11 996 $6245$aLo sciopero generale e la violenza$9(OLS)http://pul/title/170449 996 $6260$aRoma :$bTipografia industria e lavoro$9(OLS)http://pul/publisher/82421